Loading...
| History - American | 0 | 5 | 0 | 0 | 50 | 7 | 72.60 | 1 | 1 | 20.39 | 30.83 |
| History - Other | 0 | 4 | 0 | 1 | 40 | 75 | 97.00 | 0 | 1 | 9.99 | 15.83 |
| Religion | 0 | 3 | 0 | 0 | 30 | 74 | 90.00 | 0 | 2 | 5.76 | 20.83 |
| Current Events | 0 | 2 | 0 | 1 | 20 | 80 | 104.50 | 0 | 1 | 16.67 | 41.67 |
| Fine Arts - Classical Music | 0 | 2 | 0 | 0 | 20 | 112 | 117.50 | 0 | 0 | 0.16 | 4.17 |
| Fine Arts - Painting and Sculpture | 0 | 2 | 0 | 0 | 20 | 51 | 91.00 | 0 | 1 | 5.68 | 10.76 |
| Literature - American | 0 | 2 | 0 | 1 | 20 | 124 | 136.50 | 0 | 0 | 1.73 | 2.65 |
| Other Academic | 0 | 2 | 0 | 0 | 20 | 84 | 99.50 | 0 | 1 | 10.08 | 34.47 |
| Science - Other | 0 | 2 | 0 | 1 | 20 | 105 | 108.50 | 0 | 0 | 0.09 | 1.74 |
| Social Science | 0 | 2 | 1 | 0 | 15 | 41 | 78.50 | 0 | 1 | 6.32 | 13.33 |
| History - World | 0 | 2 | 1 | 0 | 15 | 64 | 76.00 | 0 | 2 | 8.92 | 13.33 |
| History - European | 0 | 1 | 0 | 0 | 10 | 77 | 77.00 | 0 | 1 | 3.25 | 9.17 |
| Philosophy | 0 | 1 | 0 | 0 | 10 | 122 | 122.00 | 0 | 0 | 0.00 | 0.83 |
| Popular Culture | 0 | 1 | 0 | 0 | 10 | 135 | 135.00 | 0 | 0 | 1.09 | 29.17 |
| Fine Arts - Other | 0 | 1 | 0 | 0 | 10 | 124 | 124.00 | 0 | 0 | 0.00 | 1.67 |
| Science - Biology | 0 | 1 | 0 | 1 | 10 | 108 | 108.00 | 0 | 0 | 0.00 | 1.67 |
| Literature - World | 0 | 0 | 0 | 0 | 0 | 0.00 | 0 | 0 | 0.00 | 0.00 | |
| Geography | 0 | 0 | 1 | 0 | -5 | 0.00 | 0 | 0 | 0.00 | 0.00 | |
| Science - Physics | 0 | 0 | 1 | 0 | -5 | 0.00 | 0 | 0 | 0.00 | 0.00 |